000 00734nam a2200217 a 4500
001 BRCA_1039
005 20190320203243.0
008 061002s2006 mx-f---###---#000-0#spa-#
020 _a9685208530
040 _aDLC
_cDLC
050 4 _aNK2014
_b.D57 2006
245 1 0 _aDiseño México
_c[textos Carmen Cordera Lascuráin, Ana Elena Mallet Cárdenas].
260 _aMéxico
_bArquine = RM
_c2006
300 _a137 p.
_bil. (algunas a color)
_c25 cm.
500 _aIncluye índice de imágenes
650 1 4 _aDiseño industrial
_ySiglos XX y XXI
_zMexico
_93425
650 1 4 _aMuebles
_xDiseño
_ySiglos XX y XXI
_zMexico
_93426
700 1 _aMallet Cárdenas, Ana Elena.
_93427
700 1 _aCordera Lascuráin, Carmen
_93428
942 _2lcc
_cB
999 _c918
_d918